Online Catalogue and eLibrary

Palestinian political women prisoners and detainees in Israeli prisons (Record no. 2950)

MARC details
000 -LEADER
fixed length control field 00402nam a2200145Ia 4500
005 - DATE AND TIME OF LATEST TRANSACTION
control field 20240610031046.0
008 - FIXED-LENGTH DATA ELEMENTS--GENERAL INFORMATION
fixed length control field 240331s9999 xx 000 0 und d
082 ## - DDC Classification
Item Number - Author Mark PAL
Class No. 365
100 ## - MAIN ENTRY--PERSONAL NAME
Personal name Fahoum, S. ed
245 #0 - TITLE STATEMENT
Title Palestinian political women prisoners and detainees in Israeli prisons
260 ## - PUBLICATION, DISTRIBUTION, ETC.
Name of publisher, distributor, etc. International Review of the Red Cross
Date of publication, distribution, etc. 1970
300 ## - PHYSICAL DESCRIPTION
Extent (e.g. Volumes, Pages etc.) 129 p.,
650 ## - SUBJECT ADDED ENTRY--TOPICAL TERM
Topical term or geographic name entry element Women
942 ## - Koha item type (Biblio)
Koha item type Books in Stacks (Lending)
Holdings
Lost status Damaged status Collection code Home library Current library Shelving location Date acquired Full call number Accession Number Item type
    Lending WERC Library WERC Library Social Science Cupboard 03/31/2024 365.45 PAL 231 Books in Stacks (Lending)

© WERC Library